Регионална библиотека "Любен Каравелов" - Русе

Традиционная китайская мебель (Запис номер 136961)

MARC детайли
000 -Лидер
Контролно поле с фиксирана дължина 01469nam a2200349 c 4500
003 - Код на организацията, давaща контролен номер
Контролно поле BLK
005 - Дата и час на последна редакция
Контролно поле 20180420232852.0
008 - Елементи от данни с фиксирана дължина
fixed length control field 180409b bul|||||r ||||||| ||bul||
010 ## - Наследен системен номер
LC control number KNG00142926000
040 ## - Източник на каталожния запис
Идентификатор на билиотеката - собственик на записа BLK
041 ## - Код за език
Код за езика на текст/звукозапис или на отделно заглавие Руски
Код за езика КДБФ Руски
080 ## - УДК
Текстов определител УДК Приложно изкуство. Художествени занаяти. Интериор. Дизайн. Играчки. Худож. пространствено оформление
УДК код - определител по УДК 745/749
УДК определител
УДК - код + определител 745/749
100 1# - Редна дума - Автор
Автор Белозерова, Вера Георгиевна
Авторска отговорност първи автор
R(LIN) 37908
139 ## - Редно поле
Редна дума Белозерова, Вера Георгиевна
Авторски знак Белк - Б 35
245 10 - Сведения за заглавието
Заглавие Традиционная китайская мебель
Редно поле (дума) Вера Георгиевна Белозерова.
257 ## - Страна на издаване
Страна на създаване/издаване СССР
260 ## - Област на издателските данни
-- Москва
Име на издателя, разпространителя и проч. Наука
Година на издаване 1980
300 ## - Физическа характеристика
Страници 144 с.
Илюстрации и др. с. ил.
Размери/Мащаб 21 см
380 ## - Жанр
Жанр Изкуство
500 ## - Общи забележки
Забележка Библиогр. с. 131-136. - 5000 тир. ; Рус.-кит. речник на термините.
650 #4 - Допълнително описание по предмет – тема
Основно описание – тема или топоним Приложно и декоративно изкуство
9 (RLIN) 248151
650 #4 - Допълнително описание по предмет – тема
Основно описание – тема или топоним Мебели
9 (RLIN) 161562
651 #4 - Допълнително описание по предмет - топоним
Географско понятие Китай
9 (RLIN) 242505
653 ## - Ключова дума – ненормативна
Ключова дума приложни изкуства
653 ## - Ключова дума – ненормативна
Ключова дума мебели
653 ## - Ключова дума – ненормативна
Ключова дума Китай
852 ## - Местоположение
Форматна сигнатура Цб 103966
856 4# - Електронен адрес и достъп
Електронен формат pdf - файл
Път до файла /url/
856 4# - Електронен адрес и достъп
Електронен формат pdf - файл
Път до файла /url/
942 ## - АРТИКУЛИ
Вид на библиотечния материал Книги
Скрит в OPAC Не
944 ## - СЪЗДАВАНЕ И РЕДАКЦИЯ на ЗАПИСА
Създаване/Редакция Създаване
Дата на регистрацията/редакция 20.05.2013
Статус, дата на статуса 20.05.2013 - от С1,Р / 20.05.2013
Служител, извършил регистрацията/редакцията Ирена_Линкова
944 ## - СЪЗДАВАНЕ И РЕДАКЦИЯ на ЗАПИСА
Създаване/Редакция Редакция
Дата на регистрацията/редакция 20.05.2013
Статус, дата на статуса 20.05.2013 - от С1,Р / 20.05.2013
Служител, извършил регистрацията/редакцията
999 ## - СИСТЕМНИ КОНТРОЛНИ НОМЕРА
Koha biblionumber 136961
Koha biblioitemnumber 136961
Наличности
Код за отписване Код за изгубен артикул Източник на класификационната схема Код за повреда Коз за рестрикции Код за отдаване Артикулен № Име на библиотеката - собственик Име на библиотеката, в която се намира в момента Статус (Текущо местоположение) Дата на вписване в системата Местоположение - отдел Цена в лева Инвентарен номер Систематично азбучна сигнатура Баркод Номер на екземпляра Цена в евро Служебна бележка Служебен тип на артикула
  Не е изгубен Universal Decimal Classification Не е повреден без рестрикции заемане за дома 224023 Регионална библиотека "Любен Каравелов" Русе Регионална библиотека "Любен Каравелов" Русе Отдел Изкуство - подръчен фонд 1980-01-01 Отдел Изкуство - подръчен фонд 0.68 306871 745/749/Б 35 120000306871 1 0.35 Дост: Pk Вид: Ф N: стар фонд Дата: 01.01.1980 Дата инв: 12.02.2015 Бележки инв: ИП2015 Книги
Vip Innovations Ltd, Rousse, Bulgaria 2025